000 01101nam a2200325Ia 4500
003 OSt
005 20221007123721.0
006 a|||||r|||| 00| 0
007 ta
008 221006b |||||||| |||| 00| 0 eng d
020 _a0030319617 (pbk)
024 _a7903
037 _bEducational,
_cTextual
040 _aCDL
_cCDL
_beng
041 _2eng
_aeng
082 _aE:3,T5, P1-;1 Carc
100 _aPavia Donald L
_9717672
245 0 _aIntroduction to spectroscopy: A guide for students of organic chemistry
_b Lampman Gary S Kriz George S
250 _a3
260 _aFort
_bWorth Harcourt College Publishers
_c2001
300 _axiv,579p ill.
_ccm.
500 _aIncludes bibliographical references; Appendix 1-14, A1-A47p; Index I1-I8p
650 _a Analytical method
_9717673
650 _a Spectroscopy
_9479665
650 _aChemistry
700 _a Kriz George S
_9717674
700 _a Lampman Gary S
_9717675
942 _hE:3,T5, P1-;1 Carc
_cTEXL
_2CC
999 _c1212369
_d1212369